فهرست نسخة باى مصنفات ابن سينا / Bibliographie d'Ibn Sina

محفوظ في:

المؤلف الرئيسي: يحيى مهدوى.

التنسيق: كتاب

اللغة: Undetermined

منشور في: Tehran 1954

الوسوم: إضافة وسم

لا توجد وسوم, كن أول من يضع وسما على هذه التسجيلة!

رقم الطلب: B20 SINA MAHO

LEADER 00375nam a2200121Ia 4500
008 240404s9999||||xx |||||||||||||| ||und||
050 4 |a B20 SINA MAHO 
100 1 |a يحيى مهدوى. 
245 1 0 |a فهرست نسخة باى مصنفات ابن سينا / Bibliographie d'Ibn Sina  |c يحيى مهدوى 
264 1 |a Tehran  |c 1954 
300 |a 412,20  |c 24 
942 |2 lcc  |c BK 
999 |c 58149  |d 58149